Customer Satisfaction Research Management (Record no. 116199)

MARC details
000 -LEADER
fixed length control field 00350pam a2200133 a 4500
020 ## - INTERNATIONAL STANDARD BOOK NUMBER
Terms of availability
041 ## - LANGUAGE CODE
Language code of original
082 ## - DEWEY DECIMAL CLASSIFICATION NUMBER
Classification number 658.81200000000001
Item number ALL
100 ## - MAIN ENTRY--PERSONAL NAME
Personal name Allen, D, R
245 ## - TITLE STATEMENT
Title Customer Satisfaction Research Management
Medium Textual Documents
260 ## - PUBLICATION, DISTRIBUTION, ETC.
Place of publication, distribution, etc. New Delhi
Name of publisher, distributor, etc. Pearson Education [Addison Wesley]
Date of publication, distribution, etc. 2007
300 ## - PHYSICAL DESCRIPTION
Extent XIII/248
930 ## - EQUIVALENCE OR CROSS-REFERENCE-UNIFORM TITLE HEADING [LOCAL, CANADA]
Uniform title 9374
Holdings
Withdrawn status Lost status Damaged status Not for loan Collection Home library Current library Shelving location Date acquired Source of acquisition Cost, normal purchase price Total Checkouts Full call number Barcode Date last seen Copy number Price effective from Koha item type
          Abhijit Kadam Institute of Management & Social Science, Solapur Abhijit Kadam Institute of Management & Social Science, Solapur   24/08/2007 Bharati Madhyavarti Sahakari Grahakbhandar Limited 350.00   658.81200000000001 ALL AKS-C-02319 01/03/2023 2 01/03/2023 Book
          Abhijit Kadam Institute of Management & Social Science, Solapur Abhijit Kadam Institute of Management & Social Science, Solapur   24/08/2007 Bharati Madhyavarti Sahakari Grahakbhandar Limited 350.00   658.81200000000001 ALL AKS-C-02318 01/03/2023 1 01/03/2023 Book